Project planning and control with PERT and CPM (Record no. 56551)

MARC details
000 -LEADER
fixed length control field 00452nam a2200181Ia 4500
008 - FIXED-LENGTH DATA ELEMENTS--GENERAL INFORMATION
fixed length control field 230524s9999 xx 000 0 und d
020 ## - INTERNATIONAL STANDARD BOOK NUMBER
ISBN 7898131806982
082 ## - DEWEY DECIMAL CLASSIFICATION NUMBER
Item number PUM
100 ## - MAIN ENTRY--AUTHOR NAME
Personal name B.C. Punmia
245 #0 - TITLE STATEMENT
Title Project planning and control with PERT and CPM
250 ## - EDITION STATEMENT
Edition statement 4
260 ## - PUBLICATION, DISTRIBUTION, ETC. (IMPRINT)
Place of publication New Delhi
Name of publisher K.K.Khandelwal
Year of publication 2015
300 ## - PHYSICAL DESCRIPTION
Number of Pages 237p;
500 ## - GENERAL NOTE
General note Quantity Number: 1
650 ## - SUBJECT ADDED ENTRY--TOPICAL TERM
Topical Term Civil
700 ## - ADDED ENTRY--PERSONAL NAME
Personal name K.K.Khandelwal
942 ## - ADDED ENTRY ELEMENTS (KOHA)
Koha item type Books
Holdings
Lost status Damaged status Permanent Location Current Location Shelving location Date acquired Full call number Accession Number Koha item type
    Central Library, Trident Academy of Technology Central Library, Trident Academy of Technology General Stacks 05/24/2023 PUM 53952 Books
Trident Academy of Technology © 2023.
All rights reserved.                                                                                                                                                                                                        Designed by Team of Central Library .

Powered by Koha